banner koha

Minha experiencia na comercializacao do cafe (Registro n. 22434)

MARC details
000 -LÍDER
campo de controle de tamanho fixo 00791nam a22002537a 4500
001 - NÚMERO DE CONTROLE
campo de controle BR7603386
003 - IDENTIFICADOR DO NÚMERO DE CONTROLE
campo de controle BR-BrBNA
005 - DATA E HORÁRIO DA ÚLTIMA TRANSAÇÃO
campo de controle 20230928085025.0
007 - CAMPO FIXO DE DESCRIÇÃO FÍSICA--INFORMAÇÃO GERAL
campo de controle de tamanho fixo ta
008 - CAMPO DE DADOS FIXOS--INFORMAÇÃO GERAL
campo de controle de tamanho fixo 230509b bl.||||| |||| 00| 0 por d
040 ## - FONTE DA CATALOGAÇÃO
Instituição da catalogação original BR-BrBNA
Idioma da catalogação por
Instituição que transcreveu o registro Biblioteca Nacional de Agricultura
041 ## - CÓDIGO DE IDIOMA
Código do idioma do texto/trilha sonora ou título diferente (Por)
072 ## - CÓDIGO DE CATEGORIA DE ASSUNTO
Código de Categoria de Assunto E70
Código do objeto 9910
090 ## - NÚMERO DE CHAMADA LOCAL
-- 9910 BR7603386
100 1# - ENTRADA PRINCIPAL--NOME PESSOAL
Nome pessoal Junqueira, C.E.
111 1# - ENTRADA PRINCIPAL--NOME DO EVENTO
Nome do evento ou lugar 1. Simposio Mineiro do Cafe
Local do evento Pocos de Caldas, MG (Brazil)
Data do evento ou assinatura do tratado 22 Oct 1976
245 1# - TÍTULO
Título Minha experiencia na comercializacao do cafe
260 3# - PUBLICAÇÃO, DISTRIBUIÇÃO, ETC.
Local de publicação, distribuição, etc. Rio de Janeiro, RJ (Brasil):
Nome do editor, distribuidor, etc. Bloch Educacao,
Data da publicação, distribuição, etc. 1976.
300 ## - DESCRIÇÃO FÍSICA
Extensão 6 p.
500 ## - NOTA GERAL
Nota geral (*) Documento disponível no(a) Instituto Brasileiro do Cafe, Rio de Janeiro, RJ
650 ## - ASSUNTO--TERMO TÓPICO
Cabeçalho tópico ou nome geográfico CAFE
909 ## -
-- 202309
-- Lucia
-- 55
-- Lucia Elande
942 ## - ELEMENTOS DE ENTRADA ADICIONADOS (KOHA)
Tipo de material Koha Livros
Exemplares
Situação do descarte Fonte da classificação ou esquema de arquivamento na estante Situação física Não pode ser emprestado Biblioteca de origem Biblioteca atual Total de empréstimos Data de último acesso Número do exemplar Tipo de material Koha Nota pública Situação das perdas Data de aquisição Fonte de aquisição Qualificador de local codificado Custo, preço normal de compra Número do inventário Custo, preço de reposição Preço efetivo de
  Classificação AGRIS   INDISPONÍVEL Biblioteca Nacional de Agricultura - Binagri Biblioteca Nacional de Agricultura - Binagri   25/09/2023 01 Livros (*) Documento disponível no(a) Instituto Brasileiro do Café, Rio de Janeiro, RJ Em falta 2023-09-25 Portaria Interministerial nº 164/94          

BINAGRI

Telefone: (61)3218-2567/2388/3357/2097 - binagri@agro.gov.br

Ministério da Agricultura e Pecuária , Esplanada dos Ministérios, Bloco D, Anexo B, Brasília/DF, CEP: 70.043-900